1451 1366 1412 1982 1432 1243 1881 1768 1134 1494 1122 1440 1916 1956 1957 1994 1611 1591 1643 1037 1209 1695 1738 1769 1306 1471 1255 1414 1507 1584 1143 1872 1937 1779 1034 1654 1096 1334 1812 1706 1366 1547 1088 1793 1331 1058 1954 1229 1392 1469 1823 1671 1472 1753 1109 1402 1635 1097 1911 1318 1267 1715 1306 1111 1951 1126 1704 1692 1803 1460 1903 1388 1811 1261 1376 1962 1956 1866 1620 1961 1558 1344 1884 1438 1481 1600 1760 1923 1474 1291 1763 1495 1929 1980 1337 1120 1027 1156 1501 BCNSPRNW ULIB Ver.6.0+V

เปลี่ยนเป็นภาษาไทย

Change to English
 แสดงรายละเอียดบรรณานุกรม
  กลับหน้าหลัก

Brief Record : Get Marc (ISO 2709) : E-mail record : QR code < ปิดหน้าต่าง
LEADER : 00000nam 2200000uu 4500
001    13399115181
003     ULIB
008    120718s2009||||th 000 0 tha d
020    ^a9780781785051 (pbk.)
060 0  ^aQS17^bT165L
100 1  ^aTank, Patrick W.,^d1950-
245 10 ^aLippincott Williams & Wilkins atlas of anatomy /^cPatrick W. Tank, Thomas R. Gest ; contributing author, William Burkel.
246 30 ^aAtlas of anatomy.
246 3  ^aLippincott Williams and Wilkins atlas of anatomy.
260    ^aPhiladelphia :^bWolters Kluwer/Lippincott Williams & Wilkins,^c2009.
300    ^axv, 432 p. :^bill. ;^c28 cm.
500    ^aIncludes index.
650  2 ^aAnatomy^vAtlases.
700 1  ^aBurkel, William E.
700 1  ^aGest, Thomas R.
945    ^p2^l0^i15379
995    ^a Kesorn
999 ^a ใช้งานได้ทุกระบบ
รายการนี้ยังไม่มีแท็ก
คุณยังไม่ได้ล็อกอิน คุณสามารถมีกิจกรรมร่วมกับเว็บไซต์ได้ แต่ต้องล็อกอินก่อน ::
  ล็อกอิน

รายการสื่อสารสนเทศ

ลำดับที่ ประเภท เลขเรียก/บาร์โค้ด สถานที่ สถานะ
1. วิทยาศาสตร์การแพทย์ และสุขภาพ
วิทยาศาสตร์การแพทย์ และสุขภาพ
QS17 T165L  
  Barcode: 15379
ห้องสมุดวิทยาเขตสวรรค์ประชารักษ์
►นวนิยาย
บนชั้น
  ขอยืม

BibComment


ยังไม่เคยถูกคอมเมนท์

คอมเมนท์ทรัพยากรรายการนี้
  คอมเมนท์: Lippincott Willi..


 Copyright 2026. Bcnsprnw @Library